| 000 | 03047nam0a2200337 4500 | ||
|---|---|---|---|
| 001 | v19\rc\1820688 | ||
| 005 | 20260406180457.0 | ||
| 035 | _a(NLR Aleph) 005253751 | ||
| 090 |
_a5830625 _c5830625 |
||
| 100 | _a20071224d1907 |||y0rusy50 ca | ||
| 101 | 0 | _arus | |
| 102 | _aRU | ||
| 105 | _aa z 001yy | ||
| 200 | 1 |
_aПеречень внутренних водных путей Европейской России, с распределением их по морским и речным бассейнам _e[с приложением Карты внутренних водных путей Европейской России в масштабе 40 верст в дюйме, на 9-ти листах] _fОтдел статистики и картографии Министерства путей сообщения |
|
| 210 |
_aС.-Петербург _cТипография Министерства путей сообщения (Товарищества И. Н. Кушнерев и К°) _d1907 (обл. 1908) |
||
| 215 |
_a[2], XIX, 684 с. _cтабл. _d26 |
||
| 300 | _aОсобое прил.: Карта внутренних водных путей Европейской России в масштабе 40 верст в дюйме. Спб, 1908. 9 нумер. л. с цв. картой ; 74×63 см (экз. РНБ хранится в Отд. картографии) | ||
| 316 |
_aЭкз. РНБ (37.42.1.1(1)) в пер. с блинтовым тиснением, загл. пер.: "Перечень внутренних водных путей Европейской России"; с экслибрисом Б-ки Николая II: "Собственная Его Величества Библиотека: Зимний Дворец" и монограмма "Н II" _5NLR: 37.42.1.1(1) |
||
| 320 | _aАлф. указ. назв. рек, озер и каналов, вошедших в Перечень внутр. вод. путей Европ. России: с. 643-681 | ||
| 421 | 0 |
_12001#$aКарта внутренних водных путей Европейской России в масштабе 40 верст в дюйме _12001#$aСпб [Санкт-Петербург]$cОтд. статистики и картографии М-ва путей сообщ.$d1908 _1215##$a9 нумер. л. с цв. картой$d74×63 см _1852##$aNLR$bКарт. _1899##$aНБ МГУ _tСпб [Санкт-Петербург] |
|
| 702 | 0 |
_4390 _8rus _7ca _aНиколай _cимператор российский _dII _f1868-1918 _3RU\NLR\AUTH\773750 _9113742 |
|
| 712 | 0 | 1 |
_4570 _aРоссия _bМинистерство путей сообщения _bОтдел статистики и картографии _3RU\NLR\AUTH\889945042 _9385368 |
| 801 | 2 |
_aRU _bNLR _c20080326 _2rusmarc |
|
| 801 | 0 |
_aRU _bNLR _c20071224 _gpsbo |
|
| 801 | 0 |
_aRU _bRuMoRGB _c20071224 _2psbo |
|
| 801 | 1 |
_aRU _bProSoft-M _c20071224 _2rusmarc |
|
| 852 |
_aNLR _j37.42.1.1(1) |
||
| 852 |
_aNLR _j132/4004 |
||
| 942 | _cBOOK | ||
| 980 | _aNB | ||